000 01120cam a22002651i 4500
003 SA-RiAUC
005 20250119123415.0
008 250117s2005 jo g 00010bara c
020 _a995623045X
040 _aSA-JeKAU
_bara
_cSA-RiAUC
_erda
082 0 4 _a922.581
_qSA-RiAUC
090 _a922.581
_b ب ا ذ
100 1 _aباذيب، محمد بن أبي بكر بن عبد الله
_eمؤلف.
245 1 2 _aالعرف الوردي في ترجمة ومشيخة الشيخ وصفي المسدي /
_cبقلم محمد بن أبي بكر بن عبد الله باذيب.
250 _aالطبعة الأولى.
264 1 _aعمان، الأردن :
_bدار الفتح للدراسات والنشر،
_c2005
300 _a136 صفحة ؛
_c24 سم
336 _aنص
_btxt
_2rdacontent
_3كتاب
337 _aبدون وسيط
_bn
_2rdamedia
338 _aمجلد
_bnc
_2rdacarrier
600 1 7 _aالمسدي، وصفي بن أحمد بن يوسف،
_d1917-2010
_2aucnm
650 7 _aالفقهاء الأحناف
_vتراجم
_2aucsh
942 _2ddc
_cBOOK
_n0
949 _aSA-JeALM
_d250117
_umohamedma123
_n1
999 _c4968
_d4968